000 00810nam a22001937a 4500
999 _c167608
_d167608
005 20190913151655.0
010 _aUR-10458
020 _c40.00
_a9789384973698
035 _aU-9013
037 _bDBAD/PUB
_a-
082 _a270
100 _aمترجم : فہيم ا لد ين ا حمد
245 _aنشا ت ثا نيہ ميں مسلما نو ں کا کر د ا ر ا سلا می تہز يب کا مطا لعہ
_cمترجم : فہيم ا لد ين ا حمد
246 _bNishat-e-Sania mein Musalmanon ka Kirdar Islami Tehzeeb ka MutallaUrdu)
_abyAhmad Esa WaUsman Ali
260 _aN.Delhi
_bInstitute of Objective Studies
_c2018 ء
270 _a162,Joga Bai,Jamia Nagar,
_bN.Delhi
_e110025
_k1141827475
_l-
300 _a44 ص
_c22 Cm(Hb)
942 _2ddc
_cUR
_h270
_mف ہ ی